| LEADER | 00747nam a22001817i 4500 | ||
|---|---|---|---|
| 005 | 20240405085947.0 | ||
| 008 | 170220s1982 gr f 000 p gre d | ||
| 952 | |0 0 |1 0 |2 ddc |4 0 |6 889_134000000000000_ΠΡΟ |7 0 |9 324123 |a LISP |b LISP |c DON |d 2021-03-19 |e ΓΑΛ |i 145441 |l 0 |o 889.134 ΠΡΟ |p 025000271623 |r 2021-03-19 00:00:00 |t 1 |w 2021-03-19 |y BKN | ||
| 999 | |c 182042 |d 182042 | ||
| 040 | |a GR-PaULI |b gre |c GR-PaULI |e AACR2 | ||
| 082 | 0 | 4 | |2 23 |a 889.134 |
| 100 | 1 | |a Προκοπάκη, Χρύσα |e συγγραφέας. |9 56393 | |
| 245 | 1 | 2 | |a Ο χλωρός παράδεισος / |c Χρύσα Προκοπάκη. |
| 260 | |a [Αθήνα] : |b Κέδρος, |c 1982. | ||
| 300 | |a 55 σ. ; |c 20 εκ. | ||
| 655 | 4 | |a Ποίηση | |
| 942 | |2 ddc |c BKN | ||
| 998 | |c ΜΠΟΥΡΑΣ |d 2021-03 | ||